[Event "Penang op-A 5th"]
[Site "Penang"]
[Date "2013.12.13"]
[Round "8"]
[White "Lee, Jun Wei"]
[Black "Lim, Kian Hwa"]
[Result "1/2-1/2"]
[WhiteElo "1639"]
[BlackElo "1918"]
[PlyCount "65"]
[EventDate "2013.12.09"]
[EventType "swiss"]
[EventRounds "9"]
[EventCountry "MAS"]
[SourceTitle "CBM 157 Extra"]
[Source "ChessBase"]
[SourceDate "2013.12.19"]
[SourceVersion "1"]
[SourceVersionDate "2013.12.19"]
[SourceQuality "1"]

1. e4 e5 2. Nf3 Nc6 3. Bb5 a6 4. Ba4 Nf6 5. 0-0 b5 6. Bb3 Be7 7. Re1 d6 8. h3 Na5 9. d3 0-0 10. c3 Nxb3 11. axb3 Bb7 12. Nbd2 Re8 13. Nf1 Bf8 14. Ng3 g6 15. Bd2 h6 16. Nh2 Bg7 17. Qc1 Kh7 18. b4 d5 19. Qc2 Qd7 20. Rad1 Rad8 21. Bc1 Qc6 22. f3 Rd6 23. Ng4 Nxg4 24. hxg4 Qd7 25. Rd2 Rd8 26. Red1 Bc6 27. exd5 Bxd5 28. Ne4 Bxe4 29. dxe4 Qc6 30. Rxd6 Rxd6 31. Rxd6 Qxd6 32. Qd2 Qxd2 33. Bxd2 1/2-1/2

[Event "Penang op-A 5th"]
[Site "Penang"]
[Date "2013.12.12"]
[Round "6"]
[White "Lim, De Li Derek"]
[Black "Lee, Jun Wei"]
[Result "1-0"]
[WhiteElo "1893"]
[BlackElo "1639"]
[PlyCount "51"]
[EventDate "2013.12.09"]
[EventType "swiss"]
[EventRounds "9"]
[EventCountry "MAS"]
[SourceTitle "CBM 157 Extra"]
[Source "ChessBase"]
[SourceDate "2013.12.19"]
[SourceVersion "1"]
[SourceVersionDate "2013.12.19"]
[SourceQuality "1"]

1. e4 c5 2. Nf3 e6 3. d4 cxd4 4. Nxd4 a6 5. Bd3 Bc5 6. Nb3 Ba7 7. 0-0 Nc6 8. Qe2 d6 9. Be3 b5 10. N1d2 Nf6 11. c4 b4 12. c5 a5 13. Bb5 Bb7 14. cxd6 Bxe3 15. Qxe3 0-0 16. Nc4 Na7 17. Ba4 Nxe4 18. Rad1 Nc8 19. d7 Ne7 20. Nc5 Nxc5 21. Qxc5 Ba6 22. Rfe1 Bxc4 23. Qxc4 Nd5 24. Rxd5 exd5 25. Qxd5 Qc7 26. Qxa8 1-0